000 01163nam0a22002411 4500
001 rc\659761
005 20260406204047.0
035 _a(NLR Aleph) 005899119
090 _a6257944
_c6257944
100 _a20031121d1986 |||y0rusy50 ca
101 0 _arus
102 _aRU
105 _ay |||||||||
200 1 _aВрачебно-трудовая экспертиза и реабилитация больных первичным полирадикулоневритом
_eМетод. рекомендации для врачей ВТЭК
_fМ-во соц. обеспечения РСФСР, Упр. врачеб.-труд. экспертизы
_g[Разраб. П.А. Маккавейский и др.]
210 _aЛ.
_cЛенингр. ин-т усоверш. врачей-экспертов
_d1986
215 _a17, [1] с.
_d20
702 1 _aМаккавейский
_bП.А.
_gПавел Алексеевич
_4570
712 0 1 _aРСФСР
_bУправление врачебно-трудовой экспертизы
_3RU\NLR\AUTH\889964397
_9425034
801 0 _aRU
_bNLR
_gpsbo
801 1 _aRU
_bELAR
_2rusmarc
852 _aNLR
_j87-4/78
942 _cBOOK
980 _aNB